000
00207 a2200097 4500
001
42559
100
_a
Kaushala R.S
245
_a
Gallant deeds
260
_a
Ambala
_b
Standard pub
_c
090
_c
26469
_d
26469
942
_a
NUST-CAE
_c
M
_c
18301
999
_c
277632
_d
277632